000 00268nam a22000857a 4500
008 230211b ||||| |||| 00| 0 eng d
100 _aHarmer, H. R.
245 _aThe Erivan Collection
650 _aUnited States|German States|Zeppelin|Austria and Lombardy-Venetia|Switzerland
999 _c3482
_d3482